000 01293nam0a2200325 4500
001 RU\NLR\BIBL_A\022070292
005 20231221151258.0
010 _a978-5-17-156583-1
_92000
021 _aRU
_bКА-П-23-000193
_9КА-П-23-0021
035 _a(NLR Aleph) 022070292
090 _a12657062
_c12657062
100 _a20231110d2023 u y0rusy50 ca
101 0 _arus
102 _aRU
105 _aab z 000yy
181 0 _ab3
_bbb2e
181 0 _ai2
_baxxe
182 0 _an
200 1 _aКрым
_eмаршруты для путешествий
_eпутеводитель + [складная] карта
203 _aИзображение
_aТекст
_bвизуальные
_cнепосредственные
210 _aМосква
_cАСТ
_cОГИЗ
_d2023
215 _a[24] с., [1] л. цв. карт.
_cцв. ил.
_d22
606 1 _aТуристские маршруты
_jПутеводители
_yКрым, Республика
_92507570
_3RU\NLR\AUTH\6601701958
607 _aКрым, Республика
_jПутеводители
_92193123
_3RU\NLR\AUTH\6601553823
686 1 _aД890(2Р37-6Крм)я23
686 1 _aЧ518.115(2Р-6Крм)я23
942 _cBOOK
980 _aNB